|
|
|
|
| LEADER |
00000nab a2200000 a 4500 |
| 001 |
vtls000143507 |
| 003 |
SK-MaSNL |
| 005 |
20260303025711.0 |
| 008 |
111031c1982 xo 0 slo |
| 015 |
|
|
|a SNBRA19rr/mm-uuuuu
|
| 035 |
|
|
|a CL0153614
|
| 040 |
|
|
|a SNKBUCL
|b slo
|c SNKBUCL
|e AACR2
|
| 041 |
0 |
|
|a slo
|
| 044 |
|
|
|a xo
|c SK
|
| 080 |
|
|
|a 631.35
|2 1981
|
| 080 |
|
|
|a 633.2.03
|2 1981
|
| 100 |
1 |
|
|a Lobotka, Ignác
|4 aut
|9 377226
|
| 245 |
1 |
0 |
|a Koncepcia rozvoja mechanizácie trvalých trávnych porastov
|c Ignác Lobotka
|
| 300 |
|
|
|b Tb. 2.
|
| 650 |
0 |
7 |
|a mechanizácia zberu krmovín
|2 snkbucl
|9 923844
|
| 650 |
0 |
7 |
|a trávne porasty
|2 snkbucl
|9 3678
|
| 655 |
|
7 |
|a články zo zborníkov
|2 snkbucl
|9 166140
|
| 773 |
0 |
|
|t Mechanizácia zberu krmovín
|d Banská Bystrica : Dom techniky ČSVTS, 1982
|g S. 61-69
|
| 850 |
|
|
|a Slovenská národná knižnica v Martine
|a MTA001
|
| 852 |
|
|
|a SNK
|b KIS3GCP
|
| 958 |
|
|
|a RK
|
| 992 |
|
|
|a RZB
|
| 999 |
|
|
|c 1647857
|d 1649787
|